00381nam a2200157Ia 4500001000500000005001700005008004100022041000800063082001700071100003300088245004900121260000900170300002800179650000800207654000800215925720260306160710.0260306t2013||||xx |||||||||||||| ||spa|| aESP a378.007bH46 aHerrera, José DaríoeAUT 0aPensar la educación, hacer investigación c2013 a194 páginas :c23 cm. aGEN aCED